| 000 | 00359nam a2200145Ia 4500 | ||
|---|---|---|---|
| 008 | 230917s9999||||xx |||||||||||||| ||und|| | ||
| 040 |
_e97036 _aMAIN |
||
| 041 | _aEnglish | ||
| 082 | _a362.7 B414S | ||
| 100 | _aBellamy, Carol, ed. | ||
| 245 | 0 | _aState of the world's children 2003 | |
| 260 |
_aNew York _bUNICEF _c2002 |
||
| 300 | _av, 119 p. | ||
| 942 | _cBK | ||
| 999 |
_c82080 _d82080 |
||